000 00843nam a2200265Ia 4500
003 OSt
005 20220923215406.0
006 a|||||r|||| 00| 0
007 ta
008 220922b |||||||| |||| 00| 0 hin d
024 _a178,304
037 _cTextual
040 _aARTS
_cARTS
_bhin
041 _2hin
_ahin
082 _aO152,1M5:g, L3
100 _aमिश्र, भगीरथ
_9156290
245 0 _aहिन्दी रीति साहित्य
246 _aHindī rīti sāhitya
250 _aसंस्क0 2
260 _aदिल्ली
_b राजकमल प्रकाशन
_c1973
300 _a191 पृ.
_ccm.
650 _aहिन्दी साहित्य
_9156264
942 _hO152,1M5:g, L3
_cTEXL
_2CC
999 _c331686
_d331686